[Event "ISL-chT2 1921"]
[Site "Reykjavik"]
[Date "2019.10.05"]
[Round "3.2"]
[White "Viglundsson, Bjorgvin"]
[Black "Sigurdsson, Birkir Karl"]
[Result "1-0"]
[WhiteElo "2197"]
[BlackElo "1942"]
[PlyCount "91"]
[EventDate "2019.10.04"]
[EventType "team-tourn"]
[EventRounds "7"]
[EventCountry "ISL"]
[SourceTitle "EXT 2024"]
[Source "ChessBase"]
[SourceDate "2023.10.10"]
[SourceVersion "1"]
[SourceVersionDate "2023.10.10"]
[SourceQuality "1"]
[WhiteTeam "KR CC"]
[BlackTeam "Hrokar alls Fagnadar"]
[WhiteTeamCountry "ISL"]
[BlackTeamCountry "ISL"]

1. d4 Nf6 2. c4 e6 3. Nf3 Bb4+ 4. Bd2 Bxd2+ 5. Qxd2 d5 6. e3 0-0 7. Nc3 b6 8. Bd3 Bb7 9. Qe2 Nbd7 10. 0-0 Qe7 11. Rac1 Rac8 12. cxd5 exd5 13. Ba6 Bxa6 14. Qxa6 Ra8 15. Nb5 c5 16. Nc7 Rac8 17. Qxa7 c4 18. a3 Qd6 19. Nb5 Qc6 20. Qa4 Ne4 21. Qb4 Qg6 22. Nc3 Nxc3 23. Rxc3 Qc6 24. a4 Rb8 25. Ra3 b5 26. a5 Ra8 27. Ne5 Nxe5 28. dxe5 Ra6 29. Qc3 Rb8 30. Qb4 Qc7 31. f4 h6 32. Rd1 Qc6 33. Rd4 g6 34. h3 Kg7 35. Kh2 h5 36. Ra1 Rba8 37. Qd2 Rb8 38. Rxd5 b4 39. Qd4 Qe6 40. Qxc4 b3 41. Qd4 Rba8 42. Ra3 R8a7 43. e4 Ra8 44. Rd6 Rxd6 45. exd6+ Kh7 46. a6 1-0

[Event "Reykjavik op"]
[Site "Reykjavik"]
[Date "2018.03.12"]
[Round "7"]
[White "Sigurdsson, Birkir Karl"]
[Black "Hrafnsson, Hreinn"]
[Result "1/2-1/2"]
[WhiteElo "1928"]
[BlackElo "1637"]
[PlyCount "90"]
[EventDate "2018.03.06"]
[EventType "swiss"]
[EventRounds "9"]
[EventCountry "ISL"]
[SourceTitle "CBM 183 Extra"]
[Source "ChessBase"]
[SourceDate "2018.04.19"]
[SourceVersion "1"]
[SourceVersionDate "2018.04.19"]
[SourceQuality "1"]

1. d4 Nf6 2. c4 e6 3. Nc3 d5 4. cxd5 exd5 5. Bg5 Nbd7 6. e3 c6 7. Bd3 Be7 8. Nge2 0-0 9. Qc2 Re8 10. 0-0 h6 11. Bh4 Nh5 12. Bxe7 Qxe7 13. Rae1 Ndf6 14. a3 Bd7 15. Nc1 Ne4 16. f3 Nxc3 17. Qxc3 Qd6 18. b4 Nf6 19. e4 dxe4 20. fxe4 Qe7 21. Nb3 Rad8 22. Nd2 Be6 23. e5 Nd5 24. Qc2 Qh4 25. Re4 Qe7 26. Nc4 f5 27. Ree1 Rf8 28. Nd6 f4 29. Rf2 Ne3 30. Qd2 Qh4 31. Be2 Bd5 32. Bf3 Bxf3 33. Rxf3 Rd7 34. Rexe3 fxe3 35. Qa2+ Rdf7 36. Rxf7 Rxf7 37. Qxf7+ Kh8 38. Qf8+ Kh7 39. Qf5+ Kg8 40. Kf1 Qxd4 41. Qf3 Qd3+ 42. Qe2 Qb1+ 43. Qe1 Qd3+ 44. Kg1 Qd2 45. Kf1 Qd3+ 1/2-1/2

[Event "Reykjavik op"]
[Site "Reykjavik"]
[Date "2018.03.07"]
[Round "3"]
[White "Bergsson, Stefan"]
[Black "Sigurdsson, Birkir Karl"]
[Result "1-0"]
[WhiteElo "2201"]
[BlackElo "1928"]
[PlyCount "60"]
[EventDate "2018.03.06"]
[EventType "swiss"]
[EventRounds "9"]
[EventCountry "ISL"]
[SourceTitle "CBM 183 Extra"]
[Source "ChessBase"]
[SourceDate "2018.04.19"]
[SourceVersion "1"]
[SourceVersionDate "2018.04.19"]
[SourceQuality "1"]

1. d4 Nf6 2. Nf3 e6 3. Bg5 b6 4. Nbd2 Bb7 5. e3 Be7 6. Bd3 0-0 7. 0-0 d6 8. c4 Nbd7 9. e4 h6 10. Be3 c5 11. d5 exd5 12. exd5 b5 13. b3 Ng4 14. Bf4 Re8 15. Ne4 Nge5 16. Nxe5 dxe5 17. Bc1 f5 18. Ng3 e4 19. Bc2 Bf6 20. Rb1 bxc4 21. Nxf5 Ne5 22. bxc4 Ba6 23. Re1 Bxc4 24. Bxe4 Nd3 25. Qg4 Nxe1 26. Rb7 Re7 27. Rxe7 Bxd5 28. Rxg7+ Kf8 29. Bxh6 Bxg7 30. Qxg7+ Ke8 1-0

[Event "Reykjavik op"]
[Site "Reykjavik"]
[Date "2018.03.07"]
[Round "2"]
[White "Sigurdsson, Birkir Karl"]
[Black "Sigurthorsson, Kristinn J"]
[Result "1-0"]
[WhiteElo "1928"]
[BlackElo "1744"]
[PlyCount "77"]
[EventDate "2018.03.06"]
[EventType "swiss"]
[EventRounds "9"]
[EventCountry "ISL"]
[SourceTitle "CBM 183 Extra"]
[Source "ChessBase"]
[SourceDate "2018.04.19"]
[SourceVersion "1"]
[SourceVersionDate "2018.04.19"]
[SourceQuality "1"]

1. d4 Nf6 2. c4 d5 3. Nc3 c6 4. Nf3 g6 5. cxd5 cxd5 6. Bf4 Bg7 7. e3 a6 8. Bd3 Bg4 9. h3 Bxf3 10. Qxf3 0-0 11. 0-0 e6 12. Rac1 b5 13. a4 b4 14. Nb1 Ra7 15. Nd2 Qd7 16. Bc2 Qb7 17. Nb3 Nbd7 18. Bd3 a5 19. Rc7 Qa8 20. Rxa7 Qxa7 21. Rc1 Qa8 22. Qe2 Nb6 23. Bb5 Rc8 24. Rxc8+ Qxc8 25. Nxa5 Qa8 26. Nc6 Nxa4 27. Qc2 Nb6 28. Bd6 h5 29. Bxb4 Qa1+ 30. Kh2 h4 31. Bd3 Nc4 32. b3 Na3 33. Qe2 Ne4 34. Bxe4 dxe4 35. Qg4 Bf6 36. Qxe4 Nb5 37. Ne5 Qa6 38. Qf4 Kg7 39. Ng4 1-0

[Event "Reykjavik Congress"]
[Site "Reykjavik"]
[Date "2018.01.21"]
[Round "4"]
[White "Olafsson, Thorvadur F"]
[Black "Sigurdsson, Birkir Karl"]
[Result "1-0"]
[WhiteElo "2178"]
[BlackElo "1934"]
[PlyCount "79"]
[EventDate "2018.01.10"]
[EventType "swiss"]
[EventRounds "9"]
[EventCountry "ISL"]
[SourceTitle "CBM 182 Extra"]
[Source "ChessBase"]
[SourceDate "2018.02.23"]
[SourceVersion "1"]
[SourceVersionDate "2018.02.23"]
[SourceQuality "1"]

1. e4 c5 2. Nf3 e6 3. d4 cxd4 4. Nxd4 a6 5. Bd3 Qc7 6. 0-0 Nf6 7. Qe2 Bc5 8. Nf3 Nc6 9. e5 Nd5 10. a3 b5 11. c4 bxc4 12. Bxc4 0-0 13. Bxd5 exd5 14. Rd1 Bb7 15. Nc3 Ne7 16. Bg5 Ng6 17. Nxd5 Qb8 18. Rac1 Rc8 19. b4 Ba7 20. Rxc8+ Qxc8 21. h4 Bxd5 22. Rxd5 h6 23. h5 hxg5 24. hxg6 fxg6 25. e6 dxe6 26. Rxg5 Qc1+ 27. Kh2 Qf4+ 28. g3 Qf6 29. Kg2 Rf8 30. Re5 Re8 31. Qxa6 Bb8 32. Qc6 Bxe5 33. Qxe8+ Kh7 34. Qxe6 Bc7 35. Qxf6 gxf6 36. Nd4 Kg8 37. Nb5 Bb8 38. a4 Kf7 39. a5 Ke6 40. a6 1-0

[Event "Gardabaer Skakthing op"]
[Site "Gardabaer"]
[Date "2016.11.28"]
[Round "7"]
[White "Sigurdsson, Pall"]
[Black "Sigurdsson, Birkir Karl"]
[Result "1/2-1/2"]
[WhiteElo "1931"]
[BlackElo "1900"]
[PlyCount "118"]
[EventDate "2016.10.17"]
[EventType "swiss"]
[EventRounds "7"]
[EventCountry "ISL"]
[SourceTitle "EXT 2018"]
[Source "ChessBase"]
[SourceDate "2017.10.13"]
[SourceVersion "1"]
[SourceVersionDate "2017.10.13"]
[SourceQuality "1"]

1. e4 c5 2. Nf3 d6 3. d4 cxd4 4. Nxd4 Nf6 5. Nc3 a6 6. Be2 e5 7. Nb3 Be6 8. Bg5 Be7 9. Bxf6 Bxf6 10. 0-0 0-0 11. Nd5 Nd7 12. c3 Nc5 13. Bf3 Bxd5 14. Qxd5 Qb6 15. Rad1 Rfd8 16. Nxc5 dxc5 17. Qb3 Qxb3 18. axb3 Rxd1 19. Rxd1 Rd8 20. Rxd8+ Bxd8 21. Bg4 b6 22. Bc8 a5 23. Ba6 Bg5 24. Kf1 Kf8 25. Ke2 Ke7 26. Kd3 Kd6 27. Bc4 f6 28. g3 h5 29. h4 Bh6 30. Bf7 b5 31. Bxh5 b4 32. Be8 Bc1 33. Kc2 Bh6 34. h5 Ke7 35. Bg6 Kd6 36. Bf7 Ke7 37. Bg8 Kd6 38. Kd3 Bc1 39. cxb4 axb4 40. Ke2 Bxb2 41. f4 exf4 42. gxf4 Bd4 43. Kf3 Ke7 44. Kg4 Bc3 45. Kf5 Bd4 46. Kg6 Kf8 47. Bc4 Bc3 48. Kf5 Ke7 49. Bd5 Bd4 50. Kg6 Kf8 51. Bc4 Bc3 52. Kf5 Ke7 53. e5 fxe5 54. fxe5 Bd4 55. Ke4 Bc3 56. Kd5 Bd4 57. Bd3 Bg1 58. Bf5 Bd4 59. Bg6 Bg1 1/2-1/2

[Event "Gardabaer Skakthing op"]
[Site "Gardabaer"]
[Date "2016.11.14"]
[Round "5"]
[White "Sigurdsson, Birkir Karl"]
[Black "Magnusson, Thorsteinn"]
[Result "1-0"]
[WhiteElo "1900"]
[BlackElo "1379"]
[PlyCount "73"]
[EventDate "2016.10.17"]
[EventType "swiss"]
[EventRounds "7"]
[EventCountry "ISL"]
[SourceTitle "EXT 2018"]
[Source "ChessBase"]
[SourceDate "2017.10.13"]
[SourceVersion "1"]
[SourceVersionDate "2017.10.13"]
[SourceQuality "1"]

1. Nf3 d5 2. c4 c6 3. g3 Nf6 4. Bg2 Bf5 5. cxd5 cxd5 6. d4 Nc6 7. 0-0 e6 8. Nc3 a6 9. Nh4 Bg6 10. Nxg6 hxg6 11. a3 Bd6 12. Bg5 Qc7 13. Rc1 Ng4 14. h3 Bxg3 15. fxg3 Qxg3 16. Bf4 Qh4 17. hxg4 g5 18. Rf3 Qxg4 19. Be3 Ke7 20. Bf2 Rh6 21. e4 f6 22. exd5 Rah8 23. Rg3 Qxd1+ 24. Rxd1 exd5 25. Nxd5+ Kd6 26. Ne3 Kc7 27. Ng4 Rh4 28. d5 Nd8 29. Rc3+ Kd7 30. Bxh4 Rxh4 31. Kf2 Kd6 32. Ne3 Rf4+ 33. Ke2 Nf7 34. Nc4+ Kd7 35. d6 g4 36. Nb6+ Kd8 37. Rc8# 1-0

[Event "Gardabaer Skakthing op"]
[Site "Gardabaer"]
[Date "2016.10.24"]
[Round "2"]
[White "Vignisson, Ingvar Egill"]
[Black "Sigurdsson, Birkir Karl"]
[Result "1/2-1/2"]
[WhiteElo "1554"]
[BlackElo "1900"]
[PlyCount "81"]
[EventDate "2016.10.17"]
[EventType "swiss"]
[EventRounds "7"]
[EventCountry "ISL"]
[SourceTitle "EXT 2018"]
[Source "ChessBase"]
[SourceDate "2017.10.13"]
[SourceVersion "1"]
[SourceVersionDate "2017.10.13"]
[SourceQuality "1"]

1. e4 e6 2. d4 d5 3. e5 c5 4. c3 Nc6 5. Nf3 Qb6 6. a3 Bd7 7. b4 cxd4 8. cxd4 Rc8 9. Be3 Nge7 10. Bd3 Nf5 11. Bxf5 exf5 12. 0-0 Be7 13. Nbd2 a5 14. b5 Qxb5 15. Rb1 Qa6 16. Qb3 b5 17. Qxb5 Qxb5 18. Rxb5 Bxa3 19. Rxd5 Bb4 20. Rb5 Ne7 21. Rb7 Bc6 22. Ra7 Bb5 23. Rb1 Nd5 24. Nb3 Nc3 25. Rb2 f4 26. Bd2 Ne2+ 27. Kh1 Bxd2 28. Nfxd2 Nxd4 29. Rxa5 f3 30. Nxf3 Nxb3 31. Rxb5 Nd4 32. Rb8 0-0 33. Rxc8 Rxc8 34. h3 Nxf3 35. gxf3 Kf8 36. Rb4 Ke7 37. Kg2 Ke6 38. f4 Rc7 39. Kg3 Kf5 40. f3 Ra7 41. Rc4 1/2-1/2

[Event "South Wales op 13th"]
[Site "Cardiff"]
[Date "2016.07.13"]
[Round "10"]
[White "Sigurdsson, Birkir Karl"]
[Black "Ralphs, Nigel"]
[Result "0-1"]
[WhiteElo "1883"]
[BlackElo "2000"]
[PlyCount "102"]
[EventDate "2016.07.07"]
[EventType "swiss"]
[EventRounds "10"]
[EventCountry "WLS"]
[SourceTitle "EXT 2017"]
[Source "ChessBase"]
[SourceDate "2016.10.25"]
[SourceVersion "1"]
[SourceVersionDate "2016.10.25"]
[SourceQuality "1"]

1. d4 d5 2. c4 c6 3. cxd5 cxd5 4. Nc3 Nf6 5. Bf4 Nc6 6. Nf3 Bf5 7. e3 e6 8. Bd3 Bxd3 9. Qxd3 Bd6 10. Bxd6 Qxd6 11. 0-0 0-0 12. a3 Rfc8 13. b4 Nd7 14. Na4 f6 15. Rfd1 Ne7 16. Nc5 b6 17. Nxd7 Qxd7 18. Rac1 Rc7 19. g3 Rac8 20. Qb1 Rc3 21. Rxc3 Rxc3 22. Rc1 Qc6 23. Rxc3 Qxc3 24. Qa2 Nf5 25. Kg2 Nd6 26. Nd2 Nc4 27. Nb3 e5 28. b5 Kf7 29. a4 Qb2 30. Qxb2 Nxb2 31. a5 Nc4 32. axb6 axb6 33. Kf3 Ke6 34. h4 Nd6 35. g4 Nxb5 36. Ke2 exd4 37. exd4 f5 38. g5 f4 39. f3 Kf5 40. Kd3 Kg6 41. Nc1 Kh5 42. Ne2 Kxh4 43. Nxf4 Nc7 44. g6 h5 45. Ke3 Kg5 46. Nd3 Kxg6 47. Kf4 Kf6 48. Ne5 g5+ 49. Kg3 Kf5 50. Nf7 Nb5 51. Kf2 Nxd4 0-1

[Event "South Wales op 13th"]
[Site "Cardiff"]
[Date "2016.07.09"]
[Round "5"]
[White "Rodriguez, Juan Talavera"]
[Black "Sigurdsson, Birkir Karl"]
[Result "1/2-1/2"]
[WhiteElo "2020"]
[BlackElo "1883"]
[PlyCount "108"]
[EventDate "2016.07.07"]
[EventType "swiss"]
[EventRounds "10"]
[EventCountry "WLS"]
[SourceTitle "EXT 2017"]
[Source "ChessBase"]
[SourceDate "2016.10.25"]
[SourceVersion "1"]
[SourceVersionDate "2016.10.25"]
[SourceQuality "1"]

1. e4 e5 2. Nf3 Nc6 3. Bb5 a6 4. Ba4 Nf6 5. 0-0 Be7 6. d3 b5 7. Bb3 d6 8. a3 Bg4 9. Nbd2 Nd4 10. Ba2 c5 11. c3 Nxf3+ 12. Nxf3 0-0 13. h3 Bh5 14. g4 Bg6 15. Nh4 Rc8 16. Nxg6 hxg6 17. Qe2 Qc7 18. Be3 Rfd8 19. f4 exf4 20. Bxf4 c4 21. d4 Qd7 22. d5 Re8 23. Qf3 Bd8 24. Rae1 a5 25. Bb1 Qe7 26. Kh1 Nxd5 27. Bxd6 Qxd6 28. Qxf7+ Kh7 29. Qxe8 Qg3 30. Re2 Qxh3+ 31. Rh2 Qxh2+ 32. Kxh2 Bc7+ 33. Kg2 Rxe8 34. exd5 Bb6 35. Rh1+ Kg8 36. Bxg6 Re2+ 37. Kf3 Rf2+ 38. Ke4 Rxb2 39. d6 Rd2 40. Ke5 Bc5 41. Bh7+ Kf7 42. Rf1+ Ke8 43. Bg6+ Kd7 44. Rf7+ Kc6 45. Be4+ Kb6 46. d7 Kc7 47. Rxg7 Rxd7 48. Rxd7+ Kxd7 49. a4 bxa4 50. g5 a3 51. Bb1 Ke7 52. g6 Bb4 53. Kd4 Kf6 54. Kxc4 Bxc3 1/2-1/2

[Event "Reykjavik op"]
[Site "Reykjavik"]
[Date "2016.03.11"]
[Round "5"]
[White "Runarsson, Gunnar Freyr"]
[Black "Sigurdsson, Birkir Karl"]
[Result "1-0"]
[WhiteElo "2028"]
[BlackElo "1857"]
[PlyCount "73"]
[EventDate "2016.03.08"]
[EventType "swiss"]
[EventRounds "10"]
[EventCountry "ISL"]
[SourceTitle "CBM 171 Extra"]
[Source "ChessBase"]
[SourceDate "2016.04.26"]
[SourceVersion "1"]
[SourceVersionDate "2016.04.26"]
[SourceQuality "1"]

1. c4 Nf6 2. Nc3 e6 3. e4 Bb4 4. e5 Bxc3 5. bxc3 Ng8 6. Nf3 d6 7. d4 Nc6 8. exd6 cxd6 9. Be2 Nf6 10. 0-0 h6 11. d5 Ne7 12. dxe6 Bxe6 13. Nd4 0-0 14. Nxe6 fxe6 15. Bf3 Rc8 16. Bxb7 Rxc4 17. Qe2 Qc7 18. Qxe6+ Kh8 19. Ba3 Rd8 20. Rad1 Ra4 21. Bxd6 Rxd6 22. Rxd6 Qxb7 23. Rfd1 Re4 24. Qf7 Qc7 25. Rxf6 gxf6 26. Qxf6+ Kh7 27. Qf7+ Kh8 28. Qf6+ Kh7 29. Qf7+ Kh8 30. g3 Re5 31. Qf6+ Kh7 32. Rd6 Re1+ 33. Kg2 Qb7+ 34. f3 Ng8 35. Qf5+ Kh8 36. Rd7 Qb1 37. Rh7# 1-0

[Event "Gardabaer op"]
[Site "Gardabaer"]
[Date "2015.12.07"]
[Round "7"]
[White "Baldvinsson, Loftur"]
[Black "Sigurdsson, Birkir Karl"]
[Result "1-0"]
[WhiteElo "1988"]
[BlackElo "1830"]
[PlyCount "67"]
[EventDate "2015.10.26"]
[EventType "swiss"]
[EventRounds "7"]
[EventCountry "ISL"]
[SourceTitle "EXT 2019"]
[Source "ChessBase"]
[SourceDate "2018.10.10"]
[SourceVersion "1"]
[SourceVersionDate "2018.10.10"]
[SourceQuality "1"]

1. e4 e6 2. d4 d5 3. Nc3 Bb4 4. Bd3 c5 5. exd5 Qxd5 6. Bd2 Bxc3 7. Bxc3 cxd4 8. Bxd4 Qxg2 9. Qf3 Qxf3 10. Nxf3 f6 11. Rg1 Kf7 12. 0-0-0 Bd7 13. Bc5 Bc6 14. Nd4 Bd5 15. Nb5 g6 16. Nd6+ Kg7 17. Ne8+ Kf7 18. Nc7 b6 19. Ba3 Ne7 20. Nxa8 Bxa8 21. Bc4 Bd5 22. Be2 Rc8 23. Kb1 a6 24. Rge1 b5 25. Bxe7 Kxe7 26. Rxd5 exd5 27. Bg4+ Kd8 28. Bxc8 Kxc8 29. Re7 Nd7 30. Rxh7 Kc7 31. h4 Kd6 32. Rg7 Ne5 33. f4 Nf3 34. Rxg6 1-0

[Event "Gardabaer op"]
[Site "Gardabaer"]
[Date "2015.11.23"]
[Round "5"]
[White "Sigurvaldason, Hjalmar"]
[Black "Sigurdsson, Birkir Karl"]
[Result "0-1"]
[WhiteElo "1475"]
[BlackElo "1830"]
[PlyCount "96"]
[EventDate "2015.10.26"]
[EventType "swiss"]
[EventRounds "7"]
[EventCountry "ISL"]
[SourceTitle "EXT 2017"]
[Source "ChessBase"]
[SourceDate "2016.10.25"]
[SourceVersion "1"]
[SourceVersionDate "2016.10.25"]
[SourceQuality "1"]

1. d4 e6 2. Nf3 d5 3. Bf4 c5 4. e3 Qb6 5. b3 Nf6 6. Nbd2 Nc6 7. dxc5 Bxc5 8. c4 d4 9. exd4 Nxd4 10. Bg3 0-0 11. Be2 Rd8 12. 0-0 Bb4 13. Bf4 Nf5 14. Qc2 Nd4 15. Nxd4 Qxd4 16. Be3 Qe5 17. Nf3 Qc7 18. a3 Be7 19. b4 b6 20. Rac1 Bb7 21. Qb3 Ng4 22. g3 Nxe3 23. Qxe3 Rac8 24. Rc2 a5 25. Rb1 Ba8 26. Nd4 Bf6 27. Nb5 Qb7 28. f3 Rd7 29. Rd1 Rcd8 30. Rxd7 Rxd7 31. Rd2 Rxd2 32. Qxd2 g5 33. g4 a4 34. c5 bxc5 35. bxc5 Kg7 36. Nd6 Qc6 37. Ne4 h6 38. Kg2 Be7 39. Qc3+ f6 40. Qb4 Qd5 41. Qxa4 f5 42. gxf5 exf5 43. Ng3 g4 44. Nh5+ Kh7 45. Kg3 gxf3 46. Bf1 f2 47. Qf4 Qxc5 48. Qxf2 Bh4+ 0-1

[Event "Gardabaer op"]
[Site "Gardabaer"]
[Date "2015.11.02"]
[Round "2"]
[White "Sigurdsson, Birkir Karl"]
[Black "Schioth, Tjorvi"]
[Result "1/2-1/2"]
[WhiteElo "1830"]
[BlackElo "1729"]
[PlyCount "106"]
[EventDate "2015.10.26"]
[EventType "swiss"]
[EventRounds "7"]
[EventCountry "ISL"]
[SourceTitle "EXT 2017"]
[Source "ChessBase"]
[SourceDate "2016.10.25"]
[SourceVersion "1"]
[SourceVersionDate "2016.10.25"]
[SourceQuality "1"]

1. Nf3 d5 2. c4 c6 3. cxd5 cxd5 4. d4 Nc6 5. Nc3 Nf6 6. Bf4 e6 7. e3 Bd6 8. Bxd6 Qxd6 9. Bd3 0-0 10. 0-0 a6 11. a3 Bd7 12. Rc1 Rfc8 13. b4 Na7 14. Ne5 Rc7 15. f4 Nc8 16. Qf3 Nb6 17. g4 Rac8 18. Ne2 Rxc1 19. Nxc1 Bb5 20. f5 Bxd3 21. Ncxd3 Nc4 22. Nxc4 Rxc4 23. Nc5 Rc2 24. Rf2 Rxf2 25. Qxf2 Nxg4 26. Qe2 exf5 27. Nxb7 Qe6 28. Nc5 Qxe3+ 29. Qxe3 Nxe3 30. Nxa6 Nc2 31. b5 Nxd4 32. b6 Nc6 33. b7 Kf8 34. a4 Ke8 35. a5 Kd8 36. Kf2 d4 37. Ke2 f4 38. Kf3 g5 39. Ke2 g4 40. Nb4 f3+ 41. Kf2 Kc7 42. Nxc6 Kxb7 43. Nxd4 Ka6 44. Nc6 h5 45. Ne5 f6 46. Nxf3 gxf3 47. Kxf3 Kxa5 48. Kf4 Kb6 49. h4 Kc6 50. Kf5 Kd6 51. Kxf6 Kd5 52. Kg5 Ke5 53. Kxh5 Kf5 1/2-1/2

[Event "Reykjavik op"]
[Site "Reykjavik"]
[Date "2015.03.18"]
[Round "10"]
[White "Sigurdsson, Birkir Karl"]
[Black "Sandberg, Martin"]
[Result "1/2-1/2"]
[WhiteElo "1767"]
[BlackElo "1889"]
[PlyCount "60"]
[EventDate "2015.03.10"]
[EventType "swiss"]
[EventRounds "10"]
[EventCountry "ISL"]
[SourceTitle "CBM 165 Extra"]
[Source "ChessBase"]
[SourceDate "2015.04.21"]
[SourceVersion "1"]
[SourceVersionDate "2015.04.21"]
[SourceQuality "1"]

1. d4 Nf6 2. c4 e6 3. Nc3 Bb4 4. e3 b6 5. Nge2 0-0 6. a3 Bxc3+ 7. Nxc3 d5 8. cxd5 exd5 9. Bd3 Ba6 10. b4 Bxd3 11. Qxd3 c5 12. dxc5 bxc5 13. bxc5 Qa5 14. 0-0 Qxc5 15. Rd1 Nc6 16. Bb2 Ne5 17. Qe2 Nc4 18. Rac1 Nxb2 19. Qxb2 Qa5 20. Qb4 Qxb4 21. axb4 Rab8 22. Nxd5 Nxd5 23. Rxd5 Rxb4 24. Ra5 Rb7 25. Rca1 Rfb8 26. g3 Rb1+ 27. Rxb1 Rxb1+ 28. Kg2 Rb7 29. Kf3 Kf8 30. e4 Ke7 1/2-1/2

[Event "Reykjavik op"]
[Site "Reykjavik"]
[Date "2015.03.11"]
[Round "2"]
[White "Sigurdsson, Birkir Karl"]
[Black "Chan, James"]
[Result "1-0"]
[WhiteElo "1767"]
[BlackElo "2038"]
[PlyCount "79"]
[EventDate "2015.03.10"]
[EventType "swiss"]
[EventRounds "10"]
[EventCountry "ISL"]
[SourceTitle "CBM 165 Extra"]
[Source "ChessBase"]
[SourceDate "2015.04.21"]
[SourceVersion "1"]
[SourceVersionDate "2015.04.21"]
[SourceQuality "1"]

1. d4 Nf6 2. c4 g6 3. Nc3 d5 4. Nf3 Bg7 5. Qb3 dxc4 6. Qxc4 0-0 7. e4 Na6 8. Be2 c5 9. d5 e6 10. 0-0 exd5 11. exd5 Bf5 12. Be3 Rc8 13. Rfd1 Re8 14. Rac1 Ne4 15. Qb3 Nd6 16. Nb5 Nxb5 17. Bxb5 Bd7 18. d6 h6 19. Bc4 Rf8 20. Qxb7 Nb8 21. Qxa7 Nc6 22. Qa3 Ne5 23. Nxe5 Bxe5 24. f4 Bg7 25. Bxc5 Qf6 26. Bd4 Qxf4 27. Bxg7 Kxg7 28. Qd3 Qg5 29. Rc3 Kh7 30. Bd5 Bf5 31. Be4 Bd7 32. Bf3 Rcd8 33. Rc7 Qa5 34. a3 Rfe8 35. b4 Qg5 36. Qd2 Qh4 37. Qf2 Qxf2+ 38. Kxf2 Ba4 39. Rd2 Kg7 40. Bc6 1-0

[Event "ISL-chT 1415"]
[Site "Reykjavik"]
[Date "2014.10.02"]
[Round "1.4"]
[White "Sigurjonsson, Gudmundur1111"]
[Black "Sigurdsson, Birkir Karl"]
[Result "1/2-1/2"]
[WhiteElo "2463"]
[BlackElo "1760"]
[PlyCount "64"]
[EventDate "2014.10.02"]
[EventType "team-tourn"]
[EventRounds "9"]
[EventCountry "ISL"]
[SourceTitle "EXT 2015"]
[Source "ChessBase"]
[SourceDate "2014.11.20"]
[SourceVersion "1"]
[SourceVersionDate "2014.11.20"]
[SourceQuality "1"]
[WhiteTeam "Reykjanesbaejar"]
[BlackTeam "Island"]
[WhiteTeamCountry "ISL"]
[BlackTeamCountry "ISL"]

1. d4 Nf6 2. Bf4 g6 3. Nf3 Bg7 4. e3 0-0 5. Nbd2 d6 6. h3 b6 7. c3 Bb7 8. Bc4 Nbd7 9. 0-0 c5 10. Re1 Rc8 11. Rc1 Nh5 12. Bg5 Nhf6 13. e4 e5 14. d5 Qc7 15. a4 Nb8 16. Bh4 Nh5 17. Kh2 Ba6 18. Bxa6 Nxa6 19. Nc4 Qd7 20. g4 Nf4 21. Bg5 h5 22. Rg1 hxg4 23. hxg4 f6 24. Bxf4 exf4 25. Nh4 Kf7 26. Kg2 Rh8 27. Nf3 Qxg4+ 28. Kf1 Qh3+ 29. Ke2 Qd7 30. Qd3 g5 31. Nxd6+ Qxd6 32. Qxa6 Rc7 1/2-1/2

[Event "Reykjavik op"]
[Site "Reykjavik"]
[Date "2014.03.12"]
[Round "10"]
[White "Sigurdsson, Birkir Karl"]
[Black "Grove, Michael"]
[Result "1/2-1/2"]
[WhiteElo "1738"]
[BlackElo "2097"]
[PlyCount "39"]
[EventDate "2014.03.04"]
[EventType "swiss"]
[EventRounds "10"]
[EventCountry "ISL"]
[SourceTitle "CBM 159 Extra"]
[Source "ChessBase"]
[SourceDate "2014.04.24"]
[SourceVersion "1"]
[SourceVersionDate "2014.04.24"]
[SourceQuality "1"]

1. d4 Nf6 2. c4 g6 3. Nc3 d5 4. Nf3 Bg7 5. Qb3 dxc4 6. Qxc4 c6 7. e4 b5 8. Qb3 0-0 9. h3 a5 10. a3 Be6 11. Qc2 a4 12. Be2 Nbd7 13. 0-0 Nb6 14. Bg5 Bb3 15. Qc1 Re8 16. Re1 Rc8 17. Bd1 Be6 18. Be2 Nc4 19. Bxc4 Bxc4 20. Nxa4 1/2-1/2

[Event "Reykjavik op"]
[Site "Reykjavik"]
[Date "2014.03.11"]
[Round "9"]
[White "Abrahams, Daniel"]
[Black "Sigurdsson, Birkir Karl"]
[Result "1/2-1/2"]
[WhiteElo "2055"]
[BlackElo "1738"]
[PlyCount "88"]
[EventDate "2014.03.04"]
[EventType "swiss"]
[EventRounds "10"]
[EventCountry "ISL"]
[SourceTitle "CBM 159 Extra"]
[Source "ChessBase"]
[SourceDate "2014.04.24"]
[SourceVersion "1"]
[SourceVersionDate "2014.04.24"]
[SourceQuality "1"]

1. e4 e6 2. Qe2 c5 3. Nf3 Nc6 4. g3 g6 5. Na3 d6 6. c3 Bg7 7. Nc2 e5 8. Bg2 Nge7 9. 0-0 0-0 10. d4 cxd4 11. cxd4 Nxd4 12. Ncxd4 exd4 13. Rd1 Nc6 14. Rb1 Re8 15. b4 a6 16. a4 d5 17. b5 dxe4 18. bxc6 exf3 19. Qxf3 bxc6 20. Bb2 Bf5 21. Rbc1 Be4 22. Qg4 Bxg2 23. Kxg2 Qd5+ 24. Kg1 c5 25. Rd2 Rac8 26. a5 Qe4 27. Qxe4 Rxe4 28. f3 Ree8 29. Rc4 Bh6 30. f4 g5 31. Rdc2 d3 32. Rd2 gxf4 33. Rxd3 Re3 34. Rd6 Rb8 35. Bc3 Rb1+ 36. Kf2 Rc1 37. Rd8+ Bf8 38. Rxf4 Re6 39. Bd2 Rc2 40. Kf3 Rg6 41. Re4 Kg7 42. Ree8 Rd6 43. Bf4 Rxd8 44. Rxd8 Ra2 1/2-1/2

[Event "Reykjavik op"]
[Site "Reykjavik"]
[Date "2014.03.07"]
[Round "5"]
[White "Iclicki, Willy"]
[Black "Sigurdsson, Birkir Karl"]
[Result "1/2-1/2"]
[WhiteElo "1993"]
[BlackElo "1738"]
[PlyCount "53"]
[EventDate "2014.03.04"]
[EventType "swiss"]
[EventRounds "10"]
[EventCountry "ISL"]
[SourceTitle "CBM 159 Extra"]
[Source "ChessBase"]
[SourceDate "2014.04.24"]
[SourceVersion "1"]
[SourceVersionDate "2014.04.24"]
[SourceQuality "1"]

1. d4 Nf6 2. c4 e6 3. Nf3 Bb4+ 4. Nbd2 0-0 5. e3 b6 6. Bd3 Bb7 7. 0-0 Be7 8. b3 d6 9. Bb2 Nbd7 10. Qe2 c5 11. Rfd1 Rc8 12. Rac1 cxd4 13. exd4 d5 14. Ne5 Re8 15. Rc2 Bf8 16. Rdc1 g6 17. a3 Nxe5 18. dxe5 Nd7 19. b4 Bg7 20. Nf3 Qe7 21. Qe3 dxc4 22. Rxc4 Rxc4 23. Rxc4 Rc8 24. Rxc8+ Bxc8 25. Be4 Nf8 26. h3 Bb7 27. Bxb7 1/2-1/2

[Event "Reykjavik op"]
[Site "Reykjavik"]
[Date "2014.03.06"]
[Round "4"]
[White "Sigurdsson, Birkir Karl"]
[Black "Wengler, Joerg"]
[Result "0-1"]
[WhiteElo "1738"]
[BlackElo "2080"]
[PlyCount "78"]
[EventDate "2014.03.04"]
[EventType "swiss"]
[EventRounds "10"]
[EventCountry "ISL"]
[SourceTitle "CBM 159 Extra"]
[Source "ChessBase"]
[SourceDate "2014.04.24"]
[SourceVersion "1"]
[SourceVersionDate "2014.04.24"]
[SourceQuality "1"]

1. d4 f5 2. Bg5 d5 3. e3 Qd6 4. Nd2 e6 5. c4 Be7 6. Bxe7 Nxe7 7. Ngf3 0-0 8. c5 Qd8 9. b4 Nd7 10. a4 c6 11. Bd3 h6 12. 0-0 Nf6 13. Ne5 Bd7 14. f3 Be8 15. Qb3 Ng6 16. f4 Ng4 17. Nxg4 fxg4 18. g3 Ne7 19. e4 Bf7 20. e5 Bg6 21. Qc2 Bxd3 22. Qxd3 Nf5 23. Rfb1 g5 24. Rf1 Rf7 25. b5 Qa5 26. fxg5 hxg5 27. Rf2 Raf8 28. Nf1 cxb5 29. Ne3 bxa4 30. Nxg4 Qb4 31. Nh6+ Nxh6 32. Qg6+ Rg7 33. Rxf8+ Kxf8 34. Rf1+ Nf7 35. Qxe6 Qxd4+ 36. Kg2 Qxc5 37. Qf6 Qe7 38. Qf5 Kg8 39. Rc1 Nd8 0-1